000 00442 a2200145 4500
999 _c6395
_d6395
020 _a9789351113423
050 _aZ670 SAH 2014
100 _aSaharan Mahender Singh
_eauthor
245 _aInternet for libraries and information centers /
_cMahender Singh Saharan
264 _aNew Delhi:
_b Random Publications,
_c2014
300 _a299p. :
500 _aincludes index
650 _a Libraries and the Internet.
942 _2lcc
_cBK
_h670
_iSAH
_kZ